| Tag |
First Indicator |
Second Indicator |
Subfields |
| LEADER |
00000cam a2200000 a 4500 |
| 001 |
in00000760821 |
| 005 |
20151017050719.0 |
| 008 |
880706s1988 nyuc bk 00110 eng |
| 010 |
|
|
|a 88021316
|
| 020 |
|
|
|a 0313254044 (lib. bdg. : alk. paper)
|
| 035 |
|
|
|a (OCoLC)18258068
|
| 035 |
|
|
|9 ADK2101AM
|
| 040 |
|
|
|a DLC
|c DLC
|d TXA
|d UtOrBLW
|
| 049 |
|
|
|a TXAM
|c [A11747329]
|
| 050 |
0 |
0 |
|a ML134.I9
|b B6 1988
|
| 082 |
0 |
|
|a 016.78/092/4
|2 19
|
| 100 |
1 |
|
|a Block, Geoffrey Holden.
|
| 245 |
1 |
0 |
|a Charles Ives, a bio-bibliography /
|c Geoffrey Block ; foreword by J. Peter Burkholder.
|
| 264 |
|
1 |
|a New York :
|b Greenwood Press,
|c 1988.
|
| 300 |
|
|
|a xviii, 422 pages :
|b portrait ;
|c 25 cm.
|
| 336 |
|
|
|a text
|b txt
|2 rdacontent
|
| 337 |
|
|
|a unmediated
|b n
|2 rdamedia
|
| 338 |
|
|
|a volume
|b nc
|2 rdacarrier
|
| 490 |
1 |
|
|a Bio-bibliographies in music,
|x 0742-6968 ;
|v no. 14
|
| 500 |
|
|
|a Includes indexes.
|
| 600 |
1 |
0 |
|a Ives, Charles,
|d 1874-1954
|x Bibliography.
|
| 600 |
1 |
0 |
|a Ives, Charles,
|d 1874-1954
|x Discography.
|
| 650 |
|
0 |
|a Music
|v Bio-bibliography.
|
| 830 |
|
0 |
|a Bio-bibliographies in music.
|x 0742-6968 ;
|v no. 14.
|
| 999 |
|
|
|a MARS
|
| 999 |
f |
f |
|s f06245b6-8735-35b2-a412-681ddd3f202f
|i a08e9e55-8377-372a-ad62-9b32e238b2c6
|t 0
|
| 952 |
f |
f |
|p ric
|a Texas A&M University
|b Rellis Campus
|c Joint Library Facility
|d Remote Storage
|t 0
|e ML134.I9 B6 1988
|h Library of Congress classification
|i unmediated -- volume
|m A14811747329
|
| 998 |
f |
f |
|a ML134.I9 B6 1988
|t 0
|l Remote Storage
|